| 000 | 01604cam a22002651ia4500 | ||
|---|---|---|---|
| 003 | OSt | ||
| 005 | 20250222122645.0 | ||
| 008 | 250222s2015 ae g 000 0 ara c | ||
| 020 | _a9789947481172 | ||
| 040 |
_aSA-MaUQU _bara _cSA-RiAUC _erda |
||
| 082 | 0 | 4 |
_a259 _qSA-RiAUC |
| 090 |
_a259 _b ا ب ن س |
||
| 100 | 1 |
_aابن سبيل، محمد بن عبد الله، _d1345-1434 هجري _eمؤلف. |
|
| 245 | 1 | 0 |
_aفتاوى/ _cتأليف محمد بن عبد الله السبيل. |
| 250 | _aالطبعة الأولى. | ||
| 264 | 1 |
_aالجزائر : _bمدار الوطن للنشر _c2015 |
|
| 300 |
_a4 مجلد ؛ _c24 سم |
||
| 336 |
_aنص _btxt _2rdacontent _3كتاب |
||
| 337 |
_aبدون وسيط _bn _2rdamedia |
||
| 338 |
_aمجلد _bnc _2rdacarrier |
||
| 505 | 0 | _aالجزء الأول : العقيدة والدعوة-التفسير وعلوم القرآن-الحديث-الطهارة-الجزء الثاني:الصلاة-الجنائز-الزكاة-الصيام-المناسك-الجهاد-البيع والإجارة والقرض-أحكام اللقيط-الوقف والهبة-الجزء الثالث:النكاح-الطلاق-العدد-الرضاع-الأقضية والحدود-الفرائض-الأطعمة والذبائح-الإيمان والنذور-أصول الفقه-العلم-فضائل الأعمال-الأدعية والأذكار-الآداب الشرعية-اللباس والزينة-أحكام النساء-قضايا معاصرة. | |
| 650 | 7 |
_aالفقه الإسلامي _2aucsh |
|
| 942 |
_2ddc _cBOOK _n0 |
||
| 949 |
_aSA-JeALM _d250222 _ueid123 _n1 |
||
| 999 |
_c6153 _d6153 |
||